=LDR 00000nam 2200000 4500 =001 INLIS000000000040669 =005 20130612150230 =008 ***********************************ind** =035 ##$$a0010-061300000040669 =041 ##$$a ind =082 ##$$a 813 =090 ##$$a 813, Har f.1 =100 ##$$a HARRIS, Charlaine =245 ##$$a From dead to worse, Kudeta kerajaan vampir, Charlaine harris;Editor, Telvenia A gusnaeni, Amannda setiorini w =260 ##$$a 2008 $b Sl =300 ##$$a 432 Hlm, 17,5 cm =650 ##$$a FIKSI =700 ##$$a GUNAENI, Tevenia A =850 ##$$a NBPNMAT =990 ##$$a 21400613/BPAP-NTB/20142014